000 00371nam a2200157Ia 4500
999 _c31288
_d31288
003 OSt
005 20250710111005.0
008 250310s9999||||xx |||||||||||||| ||und||
040 _c.
082 _a823
_bP994
100 _95995
_aPuzo, Mario
245 0 _aThe dark Arena /
_cMario Puzo
260 _aNew York :
_bBantam book,
_c1985.
300 _a283 p.
942 _cBK
_2ddc